Sabrina Carpenter - Paroles My Man on Willpower - Statistiques

Statistiques générales
  • Ce quiz a été pris 37 fois
  • Le résultat moyen est 179 sur 283
Statistiques - réponses
Hint Réponse % Correct
A
96%
a
96%
he
96%
He
96%
my
96%
Refrain My
96%
I
92%
man
88%
Oh,
88%
oh
88%
on
88%
to
88%
willpower
88%
his
85%
in
85%
me
85%
is
81%
with
81%
be
77%
so
77%
something
77%
the
77%
The
77%
under,
77%
understand
77%
don't
73%
it
73%
it,
73%
love
73%
loving,
73%
touch
73%
always
69%
Couplet 1 | Couplet 2 He's
69%
he's
69%
obsessed
69%
used
69%
literally
65%
Bridge No,
65%
of
65%
and
62%
Can
62%
can
62%
20
62%
get
62%
getting
62%
land
62%
least
62%
Now
62%
now
62%
out
62%
self
62%
won't
62%
Pré-refrain Yeah,
62%
clingy,
58%
fell
58%
foot
58%
girl
58%
hand
58%
I'm
58%
initiates
58%
it's
58%
like
58%
like?
58%
after
54%
for
54%
baby
50%
Callin'
50%
have
50%
okay,
50%
return
50%
suddenly
50%
this
50%
This
50%
all
46%
at
46%
bullshit,
46%
emotions
46%
him
46%
just
46%
night
46%
restraint
46%
right
46%
(right
46%
slutty
46%
time
46%
touching,
46%
wanted
46%
back
42%
bed
42%
big
42%
danger
42%
(Danger)
42%
devotion
42%
doesn't
42%
feels
42%
find
42%
here
42%
here),
42%
journey
42%
pajamas
42%
pole
42%
Pré-refrain Stranger
42%
(Stranger)
42%
version
42%
yesterday
42%
comedy
38%
little
38%
nightmare
38%
not
38%
over
38%
recognize
38%
romantic,
38%
tempting
38%
What
38%
You're
38%
busy,
35%
dark
35%
four
35%
fucked
35%
God
35%
joke
35%
lately?
35%
life
35%
life,
35%
man's
35%
one's
35%
personalities
35%
silly,
35%
sought
35%
There
35%
up
35%
waving
35%
Where
35%
without
35%
working,
35%
but
31%
forgotten
31%
gone,
31%
(Hello)
31%
knows
31%
me'd
31%
only
31%
(Dreamin'),
27%
pondering
27%
purpose,
27%
why?
27%
Wide
27%
eyed
23%
new
23%
(Schemin')
23%
sense
23%
zest
23%
Aucun quiz correspondant
Distribution des résultats
% des personnes avec chaque résultat
Percentile par nombre de réponses
Votre historique - résultats
Vous n’avez pas pris ce quiz